000 005760000a22001690004500
003 MACL
005 20160324165747.0
008 160324b xxu||||| |||| 00| 0 eng d
040 _aMACL
_cMACL
041 _aHindi
082 _a294
100 _aपा वेंकटाचारी
_948462
245 _aभारत के बारह आकवार
_bवैभव एवं दर्शन
260 _bश्रीरंगम श्रीमदाण्‍डवन आश्रमम
_aमद्रास
650 _aHindu Religion
_9350
942 _cHIN
_k294
_2ddc
999 _c10381
_d10381